00363nam a2200109Ia 4500008004100000020001800041082001700059100001800076245008200094260006000176300001700236210430s9999 xx 000 0 und d a9781569904473 a668.41 W848P aWolf, Rory A. aPlastic surface modification: surface treatment and adhesion /cWolf, Rory A. aMunich [Germany] ; | Cincinnati [Ohio] :bHanser,c2010 aix, 181 p. :